| 000 | | | 03779nmc2a22002533x 450 |
| 001 | | | a63c3a77-700a-43ac-ac54-b1e15d501fbc |
| 005 | | | 20231130130457.0 |
| 100 | ## | $a | 20230516l17731773k l0rusy0189 ca |
| 101 | 0# | $a | rus |
| 102 | ## | $a | RU |
| 105 | ## | $a | y### |
| 122 | 0# | $a | d |
| 200 | 1# | $a | Рескрипт Екатерины II Ивану Ивановичу Бецкому об оставлении у генерал-майора Мордвинова "путиловских каменщиков", которые заняты спешной работой |
| | $j | 11 января 1773 г. |
| 215 | ## | $a | 2 л. |
| | $d | 36,5х26 см |
| 251 | ## | $c | Дело |
| 300 | ## | $a | Разное |
| 300 | ## | $a | Опубликован "Русский архив", 1875 год, №8, с. 491 |
| 371 | ## | $a | Документ не является опубликованным и широко распространяемым |
| 461 | #0 | $1 | 00198b93a77-94f0-46bb-a7e0-b5027cc72a67 |
| | $1 | 2001 |
| | $a | Шереметевы, графы |
| | $1 | 251 |
| | $c | Фонд |
| | $1 | 852 |
| | $j | 1088 |
| 462 | #0 | $1 | 001d3ce280e-361b-49f4-86d2-e1a120f828b4 |
| | $1 | 2001 |
| | $a | Личные документы, переписка и документы, связанные со служебной и общественной деятельностью графов Бориса Петровича, Петра Борисовича, Николая Петровича и Дмитрия Шереметевых |
| | $1 | 251 |
| | $c | Опись |
| | $1 | 852 |
| | $j | 1 |
| 801 | #0 | $a | RU |
| | $b | РГИА |
| | $c | 20230516 |
| | $g | RCR |
| 801 | #1 | $a | RU |
| | $b | ГлавНИВЦ |
| | $c | 20230516 |
| | $2 | rusmarc |
| 801 | #2 | $a | RU |
| | $b | ПБ им. Б.Н. Ельцина |
| | $c | 20231130 |
| | $g | RCR |
| | $2 | rusmarc |
| 850 | ## | $a | РГИА |
| 852 | ## | $a | РГИА |
| | $e | Федеральное казенное учреждение "Российский государственный исторический архив" (РГИА) |
| | $j | 865 |
| 937 | ## | $h | РГИА |
| | $d | 12399873 |
| | $a | ASBIBLIO_SCAN |
| 035 | ## | $a | RusGRCC00063740 |
| 856 | ## | $u | http://readingroom.main.prlib.ru/item.aspx?id_node=n189332207&mode=full |